000 00900nam a2200253Ia 4500
003 OSt
005 20220923214131.0
006 a|||||r|||| 00| 0
007 ta
008 220922b |||||||| |||| 00| 0 hin d
024 _a167,243
037 _cTextual
040 _aARTS
_cARTS
_bhin
041 _2hin
_ahin
082 _aO152,1K13x, H0
100 _aभूषण
245 0 _aग्रन्थावली , श्यामबिहारी मिश्र तथा सुखदेव बिहारी मिश्र
246 _aGranthāvalī , shyāmabihārī mishra tathā sukhadev bihārī mishra
260 _c1940
490 _aनागरी प्रचारिणी ग्रन्थमाला; 17
650 _aहिन्दी साहित्य
_9156264
942 _hO152,1K13x, H0
_cTEXL
_2CC
999 _c321722
_d321722